00000000cam 2200000zi 4500
0019.962685
003CaOODSP
00520260508160844
006m     o  d f      
007cr |n|||||||||
008260508t20152015oncdab  ob   f|0| 0 eng d
040 |aCaOODSP|beng|erda|cCaOODSP
043 |an-cn-bc
0861 |aM183-2/7677E-PDF
1001 |aJourneay, John Murray,|d1957- |eauthor.
24512|aA profile of earthquake risk for the district of North Vancouver, British Columbia / |cJ.M. Journeay, F. Dercole, D. Mason, M. Westin, J.A. Prieto, C.L. Wagner, N.L. Hastings, S.E. Chang, A. Lotze, and C.E. Ventura.
264 1|a[Ottawa] : |bGeological Survey of Canada, |c2015.
264 4|c©2015
300 |a1 online resource (xxxi, 160 pages) : |bcharts, illustrations, maps.
336 |atext|btxt|2rdacontent
337 |acomputer|bc|2rdamedia
338 |aonline resource|bcr|2rdacarrier
4901 |aOpen file (Geological Survey of Canada) ; |v7677
504 |aIncludes bibliographical references (pages 151-160).
650 0|aEarthquake hazard analysis|zBritish Columbia|zNorth Vancouver.
650 6|aRisques sismiques|zColombie-Britannique|zNorth Vancouver.
7102 |aGeological Survey of Canada, |eissuing body.
830#0|aOpen file (Geological Survey of Canada)|v7677.|w(CaOODSP)9.506878
85640|qPDF|s127 MB|uhttps://publications.gc.ca/collections/collection_2026/rncan-nrcan/m183-2/M183-2-7677-eng.pdf
8564 |qHTML|sN/A|uhttps://doi.org/10.4095/296256